00299nam a2200121Ia 4500008004100000041001200041082001700053100002300070245002900093260003500122300000700157650001300164231217s9999 xx 000 0 und d aEnglish a294.548 PAR aParamananda, Swami 0aSecret of right activity cNULLbRamakrishna Math, Madras a84 aReligion